BIBLIOTHÈQUE DE LA MAISON DU MEXIQUE

Logo 1 Logo 2

Hojas dispersas (notice nᵒ 2821)

détails MARC
000 -Sello discográfico
campo de control de longitud fija 00741nam a2200265 4500
005 - Identificación de versión
campo de control 20251016083408.0
035 ## - Otros números de control del sistema
Número de control del sistema 23984
099 ## - fechas locales
Tipo de ítem Koha LIBRO
100 ## - Datos de procesamiento general
Datos de procesamiento general 19980217d1950 m y1spay5003 ba
105 ## - Campo de datos codificados: Material textual, monográfico
Datos codificados de monografía y 001ay
200 1# - Título y mención de responsabilidad
Título propio Hojas dispersas
Designación general del material texto impreso
Primer mención de responsabilidad María Enriqueta
210 ## - Publicación, distribución, etc.
Lugar de publicación, distribución, etc. México
Nombre del editor, distribuidor, etc. Editorial Patria
Fecha de publicación, distribución, etc. 1950
215 ## - Descripción física
Designación de material específico y extensión del ítem 248 p
Dimensiones 19 cm
345 ## - Nota de información de adquisición
Fuente de adquisición/dirección de la suscripción [OBSOLETO] Donación
606 ## - Término temático usado como materia
Elemento de entrada Prosa literaria mexicana
Número Koha 6153
660 ## - Código de área geográfica
Código MX
700 ## - Nombre personal - Responsabilidad primaria
Elemento de entrada Camarillo de Pereyra
Parte del nombre distinta del elemento de entrada María Enriqueta
Fechas 1872-1968
Número Koha 6154
801 #0 - Fuente de origen
Agencia cm
900 ## -
-- 1/15953
900 ## -
-- 710987521\\170298
942 ## - ELEMENTOS DE ENTRADA SECUNDARIOS (KOHA)
Tipo de ítem Koha Livre
996 ## -
-- MEX
-- 751145101
-- MMAG
-- 011707
-- 868.4 C172H
-- 20241121LIV
Exemplaires
Estatus retirado Estado de daño Estado de pérdida Fecha de adquisición Biblioteca de origen Biblioteca actual Ubicación en estantería Código de barras Precio de reemplazo Signatura topográfica completa No para préstamo Tipo de ítem Koha Nota pública Nota no pública
      05/08/2025 Casa México Paris Casa México Paris   011707 05/08/2025 868.4 C172H   Livre 20241121LIV 751145101